<?xml version="1.0" encoding="UTF-8"?>
<record
    xmlns:xsi="http://www.w3.org/2001/XMLSchema-instance"
    xsi:schemaLocation="http://www.loc.gov/MARC21/slim http://www.loc.gov/standards/marcxml/schema/MARC21slim.xsd"
    xmlns="http://www.loc.gov/MARC21/slim">

  <leader>00452nam a22001697a 4500</leader>
  <controlfield tag="005">20230509151716.0</controlfield>
  <controlfield tag="008">230509b           ||||| |||| 00| 0 eng d</controlfield>
  <datafield tag="040" ind1=" " ind2=" ">
    <subfield code="c"> </subfield>
  </datafield>
  <datafield tag="100" ind1=" " ind2=" ">
    <subfield code="a">ZAMAN, R.</subfield>
    <subfield code="e">AUTHOR</subfield>
  </datafield>
  <datafield tag="245" ind1=" " ind2=" ">
    <subfield code="a">HIGHER SECONDARY POLITICAL SCIENCE </subfield>
    <subfield code="b">FOR 1ST YEAR</subfield>
  </datafield>
  <datafield tag="250" ind1=" " ind2=" ">
    <subfield code="a">1ST</subfield>
  </datafield>
  <datafield tag="260" ind1=" " ind2=" ">
    <subfield code="a">GUWAHATI</subfield>
    <subfield code="b">ASSAM BOOK DEPOT</subfield>
    <subfield code="c">2017</subfield>
  </datafield>
  <datafield tag="300" ind1=" " ind2=" ">
    <subfield code="a">310</subfield>
    <subfield code="c">22CM</subfield>
  </datafield>
  <datafield tag="700" ind1=" " ind2=" ">
    <subfield code="a">BARUAH, M.P.</subfield>
    <subfield code="e">AUTHOR</subfield>
  </datafield>
  <datafield tag="700" ind1=" " ind2=" ">
    <subfield code="a">SULTANA, PARVEEN</subfield>
    <subfield code="e">AUTHOR</subfield>
  </datafield>
  <datafield tag="942" ind1=" " ind2=" ">
    <subfield code="2">ddc</subfield>
    <subfield code="c">BK</subfield>
  </datafield>
  <datafield tag="999" ind1=" " ind2=" ">
    <subfield code="c">29261</subfield>
    <subfield code="d">29261</subfield>
  </datafield>
  <datafield tag="952" ind1=" " ind2=" ">
    <subfield code="0">1</subfield>
    <subfield code="1">0</subfield>
    <subfield code="2">ddc</subfield>
    <subfield code="4">0</subfield>
    <subfield code="7">0</subfield>
    <subfield code="8">TBPSC</subfield>
    <subfield code="a">MAIN</subfield>
    <subfield code="b">MAIN</subfield>
    <subfield code="d">2017-10-31</subfield>
    <subfield code="o">320 ZAM</subfield>
    <subfield code="p">40636</subfield>
    <subfield code="r">2023-05-09 00:00:00</subfield>
    <subfield code="t">1</subfield>
    <subfield code="w">2023-05-09</subfield>
    <subfield code="y">BK</subfield>
  </datafield>
  <datafield tag="952" ind1=" " ind2=" ">
    <subfield code="0">1</subfield>
    <subfield code="1">0</subfield>
    <subfield code="2">ddc</subfield>
    <subfield code="4">0</subfield>
    <subfield code="7">0</subfield>
    <subfield code="8">TBPSC</subfield>
    <subfield code="a">MAIN</subfield>
    <subfield code="b">MAIN</subfield>
    <subfield code="d">2017-10-31</subfield>
    <subfield code="o">320 ZAM</subfield>
    <subfield code="p">40637</subfield>
    <subfield code="r">2023-05-09 00:00:00</subfield>
    <subfield code="t">2</subfield>
    <subfield code="w">2023-05-09</subfield>
    <subfield code="y">BK</subfield>
  </datafield>
  <datafield tag="952" ind1=" " ind2=" ">
    <subfield code="0">1</subfield>
    <subfield code="1">0</subfield>
    <subfield code="2">ddc</subfield>
    <subfield code="4">0</subfield>
    <subfield code="7">0</subfield>
    <subfield code="8">TBPSC</subfield>
    <subfield code="a">MAIN</subfield>
    <subfield code="b">MAIN</subfield>
    <subfield code="d">2017-10-31</subfield>
    <subfield code="o">320 ZAM</subfield>
    <subfield code="p">40638</subfield>
    <subfield code="r">2023-05-09 00:00:00</subfield>
    <subfield code="t">3</subfield>
    <subfield code="w">2023-05-09</subfield>
    <subfield code="y">BK</subfield>
  </datafield>
  <datafield tag="952" ind1=" " ind2=" ">
    <subfield code="0">1</subfield>
    <subfield code="1">0</subfield>
    <subfield code="2">ddc</subfield>
    <subfield code="4">0</subfield>
    <subfield code="7">0</subfield>
    <subfield code="8">TBPSC</subfield>
    <subfield code="a">MAIN</subfield>
    <subfield code="b">MAIN</subfield>
    <subfield code="d">2017-10-31</subfield>
    <subfield code="o">320 ZAM</subfield>
    <subfield code="p">40639</subfield>
    <subfield code="r">2023-05-09 00:00:00</subfield>
    <subfield code="t">4</subfield>
    <subfield code="w">2023-05-09</subfield>
    <subfield code="y">BK</subfield>
  </datafield>
  <datafield tag="952" ind1=" " ind2=" ">
    <subfield code="0">1</subfield>
    <subfield code="1">0</subfield>
    <subfield code="2">ddc</subfield>
    <subfield code="4">0</subfield>
    <subfield code="7">0</subfield>
    <subfield code="8">TBPSC</subfield>
    <subfield code="a">MAIN</subfield>
    <subfield code="b">MAIN</subfield>
    <subfield code="c">WID</subfield>
    <subfield code="d">2017-10-31</subfield>
    <subfield code="o">320 ZAM</subfield>
    <subfield code="p">40640</subfield>
    <subfield code="r">2023-05-09 00:00:00</subfield>
    <subfield code="t">5</subfield>
    <subfield code="w">2023-05-09</subfield>
    <subfield code="y">BK</subfield>
  </datafield>
  <datafield tag="952" ind1=" " ind2=" ">
    <subfield code="0">1</subfield>
    <subfield code="1">0</subfield>
    <subfield code="2">ddc</subfield>
    <subfield code="4">0</subfield>
    <subfield code="7">0</subfield>
    <subfield code="8">TBPSC</subfield>
    <subfield code="a">MAIN</subfield>
    <subfield code="b">MAIN</subfield>
    <subfield code="d">2017-10-31</subfield>
    <subfield code="o">320 ZAM</subfield>
    <subfield code="p">40641</subfield>
    <subfield code="r">2023-05-09 00:00:00</subfield>
    <subfield code="t">6</subfield>
    <subfield code="w">2023-05-09</subfield>
    <subfield code="y">BK</subfield>
  </datafield>
  <datafield tag="952" ind1=" " ind2=" ">
    <subfield code="0">1</subfield>
    <subfield code="1">0</subfield>
    <subfield code="2">ddc</subfield>
    <subfield code="4">0</subfield>
    <subfield code="7">0</subfield>
    <subfield code="8">TBPSC</subfield>
    <subfield code="a">MAIN</subfield>
    <subfield code="b">MAIN</subfield>
    <subfield code="c">WID</subfield>
    <subfield code="d">2017-10-31</subfield>
    <subfield code="o">320 ZAM</subfield>
    <subfield code="p">40642</subfield>
    <subfield code="r">2023-05-09 00:00:00</subfield>
    <subfield code="t">7</subfield>
    <subfield code="w">2023-05-09</subfield>
    <subfield code="y">BK</subfield>
  </datafield>
  <datafield tag="952" ind1=" " ind2=" ">
    <subfield code="0">1</subfield>
    <subfield code="1">0</subfield>
    <subfield code="2">ddc</subfield>
    <subfield code="4">0</subfield>
    <subfield code="7">0</subfield>
    <subfield code="8">TBPSC</subfield>
    <subfield code="a">MAIN</subfield>
    <subfield code="b">MAIN</subfield>
    <subfield code="c">WID</subfield>
    <subfield code="d">2017-10-31</subfield>
    <subfield code="o">320 ZAM</subfield>
    <subfield code="p">40643</subfield>
    <subfield code="r">2023-05-09 00:00:00</subfield>
    <subfield code="t">8</subfield>
    <subfield code="w">2023-05-09</subfield>
    <subfield code="y">BK</subfield>
  </datafield>
  <datafield tag="952" ind1=" " ind2=" ">
    <subfield code="0">1</subfield>
    <subfield code="1">0</subfield>
    <subfield code="2">ddc</subfield>
    <subfield code="4">0</subfield>
    <subfield code="7">0</subfield>
    <subfield code="8">TBPSC</subfield>
    <subfield code="a">MAIN</subfield>
    <subfield code="b">MAIN</subfield>
    <subfield code="d">2017-10-31</subfield>
    <subfield code="o">320 ZAM</subfield>
    <subfield code="p">40644</subfield>
    <subfield code="r">2023-05-09 00:00:00</subfield>
    <subfield code="t">9</subfield>
    <subfield code="w">2023-05-09</subfield>
    <subfield code="y">BK</subfield>
  </datafield>
  <datafield tag="952" ind1=" " ind2=" ">
    <subfield code="0">1</subfield>
    <subfield code="1">0</subfield>
    <subfield code="2">ddc</subfield>
    <subfield code="4">0</subfield>
    <subfield code="7">0</subfield>
    <subfield code="8">TBPSC</subfield>
    <subfield code="a">MAIN</subfield>
    <subfield code="b">MAIN</subfield>
    <subfield code="d">2017-10-31</subfield>
    <subfield code="o">320 ZAM</subfield>
    <subfield code="p">40645</subfield>
    <subfield code="r">2023-05-09 00:00:00</subfield>
    <subfield code="t">10</subfield>
    <subfield code="w">2023-05-09</subfield>
    <subfield code="y">BK</subfield>
  </datafield>
  <datafield tag="952" ind1=" " ind2=" ">
    <subfield code="0">1</subfield>
    <subfield code="1">0</subfield>
    <subfield code="2">ddc</subfield>
    <subfield code="4">0</subfield>
    <subfield code="7">0</subfield>
    <subfield code="8">TBPSC</subfield>
    <subfield code="a">MAIN</subfield>
    <subfield code="b">MAIN</subfield>
    <subfield code="d">2017-10-31</subfield>
    <subfield code="o">320 ZAM</subfield>
    <subfield code="p">40646</subfield>
    <subfield code="r">2023-05-09 00:00:00</subfield>
    <subfield code="t">11</subfield>
    <subfield code="w">2023-05-09</subfield>
    <subfield code="y">BK</subfield>
  </datafield>
  <datafield tag="952" ind1=" " ind2=" ">
    <subfield code="0">1</subfield>
    <subfield code="1">0</subfield>
    <subfield code="2">ddc</subfield>
    <subfield code="4">0</subfield>
    <subfield code="7">0</subfield>
    <subfield code="8">TBPSC</subfield>
    <subfield code="a">MAIN</subfield>
    <subfield code="b">MAIN</subfield>
    <subfield code="d">2017-10-31</subfield>
    <subfield code="o">320 ZAM</subfield>
    <subfield code="p">40647</subfield>
    <subfield code="r">2023-05-09 00:00:00</subfield>
    <subfield code="t">12</subfield>
    <subfield code="w">2023-05-09</subfield>
    <subfield code="y">BK</subfield>
  </datafield>
  <datafield tag="952" ind1=" " ind2=" ">
    <subfield code="0">1</subfield>
    <subfield code="1">0</subfield>
    <subfield code="2">ddc</subfield>
    <subfield code="4">0</subfield>
    <subfield code="7">0</subfield>
    <subfield code="8">TBPSC</subfield>
    <subfield code="a">MAIN</subfield>
    <subfield code="b">MAIN</subfield>
    <subfield code="d">2017-10-31</subfield>
    <subfield code="o">320 ZAM</subfield>
    <subfield code="p">40648</subfield>
    <subfield code="r">2023-05-09 00:00:00</subfield>
    <subfield code="t">13</subfield>
    <subfield code="w">2023-05-09</subfield>
    <subfield code="y">BK</subfield>
  </datafield>
  <datafield tag="952" ind1=" " ind2=" ">
    <subfield code="0">1</subfield>
    <subfield code="1">0</subfield>
    <subfield code="2">ddc</subfield>
    <subfield code="4">0</subfield>
    <subfield code="7">0</subfield>
    <subfield code="8">TBPSC</subfield>
    <subfield code="a">MAIN</subfield>
    <subfield code="b">MAIN</subfield>
    <subfield code="d">2017-10-31</subfield>
    <subfield code="o">320 ZAM</subfield>
    <subfield code="p">40649</subfield>
    <subfield code="r">2023-05-09 00:00:00</subfield>
    <subfield code="t">14</subfield>
    <subfield code="w">2023-05-09</subfield>
    <subfield code="y">BK</subfield>
  </datafield>
  <datafield tag="952" ind1=" " ind2=" ">
    <subfield code="0">1</subfield>
    <subfield code="1">0</subfield>
    <subfield code="2">ddc</subfield>
    <subfield code="4">0</subfield>
    <subfield code="7">0</subfield>
    <subfield code="8">TBPSC</subfield>
    <subfield code="a">MAIN</subfield>
    <subfield code="b">MAIN</subfield>
    <subfield code="d">2017-10-31</subfield>
    <subfield code="o">320 ZAM</subfield>
    <subfield code="p">40650</subfield>
    <subfield code="r">2023-05-09 00:00:00</subfield>
    <subfield code="t">15</subfield>
    <subfield code="w">2023-05-09</subfield>
    <subfield code="y">BK</subfield>
  </datafield>
</record>
